The aftermath (Record no. 324428)
[ view plain ]
| 000 -LEADER | |
|---|---|
| fixed length control field | 02404ngm a22004932i 4500 |
| 005 - DATE AND TIME OF LATEST TRANSACTION | |
| control field | 20200320223417.0 |
| 007 - PHYSICAL DESCRIPTION FIXED FIELD--GENERAL INFORMATION | |
| fixed length control field | vd cvaizk |
| 008 - FIXED-LENGTH DATA ELEMENTS--GENERAL INFORMATION | |
| fixed length control field | 190315s2019 xxu108 e vleng d |
| 020 ## - INTERNATIONAL STANDARD BOOK NUMBER | |
| Terms of availability | $29.99 |
| 024 1# - OTHER STANDARD IDENTIFIER | |
| Standard number or code | 024543522393 (videorecording) |
| 040 ## - CATALOGING SOURCE | |
| Language of cataloging | eng |
| Description conventions | rda |
| Modifying agency | CTMM |
| 082 04 - DEWEY DECIMAL CLASSIFICATION NUMBER | |
| Classification number | [Fic] |
| Edition number | 23 |
| 245 04 - TITLE STATEMENT | |
| Title | The aftermath |
| Medium | [videorecording] / |
| Statement of responsibility, etc | Director, James Kent. |
| 264 #1 - Production, Publication, Distribution, Manufacture, and Copyright Notice. | |
| Place of production, publication, distribution, manufacture | [United States] : |
| Name of producer, publisher, distributor, manufacturer | 20th Century Fox Home Entertainment, |
| Date of production, publication, distribution, manufacture, or copyr | 2019. |
| 264 #2 - Production, Publication, Distribution, Manufacture, and Copyright Notice. | |
| Place of production, publication, distribution, manufacture | Old Saybrook, Connecticut : |
| Name of producer, publisher, distributor, manufacturer | www.micromarketing.org |
| 300 ## - PHYSICAL DESCRIPTION | |
| Extent | 1 videodisc (ca. 108 min.) : |
| Other physical details | sd., col. ; |
| Dimensions | 4 3/4 in. |
| 336 ## - Content Type | |
| Content type term | two-dimensional moving image |
| 337 ## - Media type | |
| Media type term | video |
| 338 ## - Carrier type | |
| Carrier type term | videodisc |
| 344 ## - | |
| -- | digital |
| -- | optical |
| -- | stereo |
| -- | rda |
| 346 ## - | |
| -- | NTSC |
| -- | rda |
| 347 ## - | |
| -- | video file |
| -- | DVD video |
| -- | region 1 |
| -- | rda |
| 500 ## - GENERAL NOTE | |
| General note | Widescreen edition. |
| 500 ## - GENERAL NOTE | |
| General note | [Typographic symbols and accents removed for systems compatibility.] |
| 508 ## - CREATION/PRODUCTION CREDITS NOTE | |
| Creation/production credits note | Director, James Kent. |
| 511 1# - PARTICIPANT OR PERFORMER NOTE | |
| Participant or performer note | Alexander Skarsgard, Keira Knightley, Jason Clarke, Martin Compston, Kate Phillips. |
| 520 ## - SUMMARY, ETC. | |
| Summary, etc | In postwar Germany in 1946, Rachael Morgan arrives in the ruins of Hamburg in the bitter winter, to be reunited with her husband Lewis, a British colonel charged with rebuilding the shattered city. But as they set off for their new home, Rachael is stunned to discover that Lewis has made an unexpected decision: They will be sharing the grand house with its previous owners, a German widower and his troubled daughter. In this charged atmosphere, enmity and grief give way to passion and betrayal. |
| 521 8# - TARGET AUDIENCE NOTE | |
| Target audience note | Rating: R. |
| 538 ## - SYSTEM DETAILS NOTE | |
| System details note | DVD, color, widescreen, NTSC. |
| 546 ## - LANGUAGE NOTE | |
| Language note | English audio. |
| 588 ## - | |
| -- | Title and description based on researched data; resource not viewed. |
| 650 #0 - SUBJECT ADDED ENTRY--TOPICAL TERM | |
| Topical term or geographic name as entry element | Man-woman relationships |
| Form subdivision | Drama. |
| 9 (RLIN) | 5673977 |
| 650 #0 - SUBJECT ADDED ENTRY--TOPICAL TERM | |
| Topical term or geographic name as entry element | World War, 1939-1945 |
| Form subdivision | Drama. |
| 9 (RLIN) | 5675021 |
| 655 #7 - INDEX TERM--GENRE/FORM | |
| Genre/form data or focus term | Feature films. |
| Source of term | lcgft |
| 9 (RLIN) | 6020355 |
| 700 1# - ADDED ENTRY--PERSONAL NAME | |
| Personal name | Skarsgard, Alexander. |
| 9 (RLIN) | 5712812 |
| 700 1# - ADDED ENTRY--PERSONAL NAME | |
| Personal name | Knightley, Keira. |
| 9 (RLIN) | 5881386 |
| 700 1# - ADDED ENTRY--PERSONAL NAME | |
| Personal name | Clarke, Jason. |
| 9 (RLIN) | 58111 |
| 700 1# - ADDED ENTRY--PERSONAL NAME | |
| Personal name | Compston, Martin. |
| 9 (RLIN) | 5787751 |
| 700 1# - ADDED ENTRY--PERSONAL NAME | |
| Personal name | Phillips, Kate. |
| 9 (RLIN) | 6020356 |
| 942 ## - ADDED ENTRY ELEMENTS (KOHA) | |
| Koha item type | DVD |
| 948 ## - LOCAL PROCESSING INFORMATION (OCLC); SERIES PART DESIGNATOR (RLIN) | |
| Series part designator, SPT (RLIN) | 02/24/2020 |
| z (OCLC) | Sirsi |
| 949 ## - LOCAL PROCESSING INFORMATION (OCLC) | |
| n | www.MicroMarketing.org 800-229-9887 |
| 996 ## - | |
| -- | 175603 |
| -- | 34301001680737 |
| -- | DVD |
| -- | DVD |
| -- | wcl |
| -- | o |
| -- | 2 |
| -- | 17.99 |
| -- | Midwest Tape |
| -- | Aft |
| -- | 02/24/2020 |
| -- | 02/25/2020 |
| -- | 03/12/2020 |
| Withdrawn status | Lost status | Source of classification or shelving scheme | Damaged status | Not for loan | Collection code | Home library | Current library | Shelving location | Date acquired | Source of acquisition | Cost, normal purchase price | Total Checkouts | Total Renewals | Full call number | Barcode | Date last seen | Date checked out | Cost, replacement price | Price effective from | Koha item type |
|---|---|---|---|---|---|---|---|---|---|---|---|---|---|---|---|---|---|---|---|---|
| Dewey Decimal Classification | Movies | Wasatch County Library | Wasatch County Library | Audio Visual Area | 02/24/2020 | 17.99 | 3 | 1 | DVD Aft | 34301001680737 | 03/07/2024 | 09/28/2022 | 17.99 | 03/20/2020 | DVD |
